| 000 | 01275nam a2200301 4500 | ||
|---|---|---|---|
| 001 | 0000020750 | ||
| 003 | CO-CtgCURN | ||
| 005 | 20250329191008.0 | ||
| 007 | ta | ||
| 008 | 160627s2001 000 0 eng d | ||
| 020 | _a9584101773 | ||
| 040 |
_aCO-CtgCURN _bspa _ccoctgcurn |
||
| 082 | 0 |
_a658.05 _bO17s |
|
| 100 | 1 | _aOBrien, James A. | |
| 245 | 1 | 0 |
_aSistemas de informacion gerencial : _bmanejo de la tecnología de informacion en la empresa interconectada en red / _cJames A. OBrien. |
| 250 | _a4a. Ed. | ||
| 260 |
_aBogotá : _bMcGraw-Hill, _c2001. |
||
| 300 | _axxv, 700 p. | ||
| 336 | _2rdacontent | ||
| 337 |
_2rdamedia _asin mediacion _bn |
||
| 338 |
_2rdacarrier _avolumen _bnc |
||
| 500 | _aIncluye apendices: A. Estudio de casos del mundo real A.--B. Herramientas para análisis y diseño por parte del usuario final B. \Glosario e indices. | ||
| 505 | 8 | _aBases de los sistemas de informacion.--Tecnología de informacion: una vision gerencial.--Aplicaciones empresariales de la tecnología de informacion.--Administracion de la tecnología de informacion | |
| 650 | 1 | 4 | _aAdministración de sistemas de informacion. |
| 908 | _a160627 | ||
| 942 |
_cBK _h658.05 _iO17s _2ddc |
||
| 999 |
_c10579 _d10579 |
||